000 01913nam a2200421 c 4500
003 BLK
005 20230802121544.0
008 180408b bul|||||r ||||||| ||bul||
010 _aKNG00082110000
020 _a978-84-9819-902-4
_bиздат.: Mediasat Group, S. A.
020 _a978-84-9819-890-4
_bиздат.: Mediasat Group, S. A. - (серия)
040 _aBLK
041 _aBUL
_cBUL
080 _aМузиканти-творци, композитори
_b78.071.1
_x(481)(092)
_z78.071.1(481)(092)
080 _aНорвежки композитор, пианист и диригент
_b929 Григ, Едвард Хагеруп
_x
_z929 Григ, Едвард Хагеруп
700 1 _aДоброволски, Лукаш
_eавт. на текста
_9298412
700 1 _aМанчева-Вичик, Ваня
_eпрев.
_9298401
700 1 _aКаранлъков, Лъчезар Тодоров
_d1943-2022
_eред.
_976810
139 _aДоброволски, Лукаш
_bГ 82
245 1 0 _aЕдвард Григ
_cавт. на текста Лукаш Доброволски; прев. Ваня Манчева-Вичик; ред. Лъчезар Каранлъков.
257 _aBGR
260 София
_bMediasat Group, S. A.
_c2007
_fОтпеч. в ЕС
300 _a43 с.
_bс цв. ил.
_c13Х14 см
_eCD
380 _a7
490 1 _aШедьоври на класиката
_v12
500 _aКн. е с CD 1660
600 1 4 _aГриг, Едвард Хагеруп
_9279435
650 4 _aКомпозитори, норвежки
_9279436
651 4 _aНорвегия
_9179287
653 _aкомпозитори
653 _aЕдвард Григ
852 _aЦб І 32942
856 4 _qpdf
_u
856 4 _qpdf
_u
942 _cKNG
_n0
944 _aCR
_c10.03.2008
_k30556
_lТеодора Пейчева-Дянкова
944 _aED
_c08.01.2018
_kИрена_Линкова
999 _c77651
_d77651